000 00506nam a2200181Ia 4500
005 20250508151103.0
008 008 250505s9999 xx 000 0 eng d
037 _aReference
040 _aFEDL
_beng
_cFEDL
041 _aeng
_2eng
084 _a423, BER
_qFEDL
100 _aBerg Paul C
_949430
245 0 _aDictionary of new words in english
260 _aRuskin House
_bGeorge Allen and Unwin Limited
_c1953
300 _a175p.
942 _cREF
_h423, BER
999 _c1327515
_d1327515